000 00760nam a2200253Ia 4500
001 1027
003 GE_BSU
008 181216s||||||||xx |||||||||||||| ||und||
020 _a5947236265
040 _cGE_BSU
080 _a159.9.072(075.8)
245 _aПсихологическая диагностика
245 _bУч-к для студ. высш. учебн. завед.
245 _cПод ред. М.К.Акимовой,К.М.Гуревича
250 _a3-е изд.перераб. и доп.
260 _aСПБ
260 _bПитер
260 _c2007
300 _a658стр.
541 _h20л.
653 _aПсихологическая диагностика
653 _aფსიქოლოგია
942 _cBK
999 _c35182
_d35182